00463nam a2200157Ia 4500008004100000020001400041082001600055100002100071245004800092250000800140260003800148300002900186500001900215600002100234650005000255240925s9999 xx 000 0 und d a130824518 a005.456 IRV aIrvine , Kip . R 0aAssembly Language For Intel-Based Computers a3rd aSingapore:bPrentice Hallc,1999. axxii,983p.bNAfOriginal aIncludes Index aComputer Science aComputer science, information & general works